Most Streamed Spotify Artist From Each Country - Statistics

General Stats
  • This quiz has been taken 683 times
    271 since last reset
  • The average score is 25 of 49
Answers on the Map
Answers color-coded by a green-red scale on the quiz's map according to % correct below.
 
Answer Stats
Rank Streams Artist Birthplace/Origin Country % Correct
1 76 b Taylor Swift West Reading United States
100%
2 74.2 b Drake Toronto Canada
96%
10 37.9 b BTS Seoul South Korea
91%
5 47.6 b Ed Sheeran Halifax United Kingdom
89%
22 27.1 b David Guetta Paris France
86%
40 20.4 b J. Cole Frankfurt Germany
79%
64 15.6 b Avicii Stockholm Sweden
79%
69 14.6 b Kygo Singapore Singapore
78%
72 14.3 b Camila Cabello Havana Cuba
74%
171 8.6 b Enrique Iglesias Madrid Spain
73%
249 6.4 b Måneskin Rome Italy
72%
53 17.6 b Sia Adelaide Australia
71%
136 9.6 b Joji Osaka Japan
68%
17 29.7 b Rihanna Saint Michael Barbados
67%
314 5.4 b Lost Frequencies Brussels Belgium
66%
12 33.4 b J Balvin Medellín Colombia
66%
427 4.2 b Lukas Graham Copenhagen Denmark
66%
65 14.9 b Arijit Singh Murshidabad India
66%
202 7.6 b Lorde Auckland New Zealand
65%
234 6.9 b Troye Sivan Johannesburg South Africa
64%
947 2.1 b Dennis Lloyd Tel Aviv Israel
60%
39 20.4 b Nicki Minaj Port of Spain Trinidad and Tobago
57%
126 10 b Major Lazer Kingston Jamaica
56%
708 2.7 b Rich Brian Jakarta Indonesia
54%
253 6.3 b French Montana Casablanca Morocco
54%
898 2.2 b Ben&Ben Manila Philippines
53%
145 9.3 b Hozier Newcastle Ireland
52%
735 2.6 b Ezhel Ankara Turkey
52%
330 5.2 b Danny Ocean Caracas Venezuela
47%
281 5.8 b Rita Ora Pristina Kosovo
46%
903 2.2 b Dynoro Vilnius Lithuania
46%
76 13.3 b Peso Pluma Zapopan Mexico
44%
547 3.4 b Damso Kinshasa Democratic Republic of the Congo
42%
163 8.8 b Zedd Saratov Russia
41%
93 11.9 b Tiësto Breda Netherlands
32%
588 3.2 b Aya Nakamura Bamako Mali
29%
135 9.7 b Marília Mendonça Cristianópolis Brazil
25%
122 10.1 b Bizarrap Ramos Mejía Argentina
24%
459 4 b Burna Boy Port Harcourt Nigeria
23%
678 2.8 b Ali Gatie Aden Yemen
22%
660 2.9 b Atif Aslam Wazirabad Pakistan
19%
499 3.6 b girl in red Horten Norway
18%
107 11 b Sech Río Abajo Panama
17%
569 3.3 b Cris Mj La Serena Chile
16%
367 4.8 b Natti Natasha Santiago de los Caballeros Dominican Republic
15%
313 5.4 b Ricardo Arjona Jocotenango Guatemala
12%
473 3.8 b Imanbek Aksu Kazakhstan
12%
641 3 b Jay Chou Linkou Taiwan
11%
338 5.1 b RAF Camora Vevey Switzerland
9%
No matching quizzes found
Score Distribution
Percent of People with Each Score
Percentile by Number Answered
Your Score History
You have not taken this quiz since the last reset